| 000 | 01293cam a2200337 i 4500 | ||
|---|---|---|---|
| 001 | 12344762 | ||
| 003 | EG-ScBUE | ||
| 005 | 20250521081028.0 | ||
| 008 | 010312t2000 enka f b 000 0 eng d | ||
| 020 | _a0521781310 (hardback) | ||
| 020 | _a9780521781312 | ||
| 035 | _a(OCoLC)ocm45437772 | ||
| 040 |
_aEG-ScBUE _beng _erda _cEG-ScBUE _dEG-ScBUE |
||
| 082 | 0 | 4 |
_a532.0527 _222 _bTUR |
| 245 | 0 | 0 |
_aTurbulence structure and vortex dynamics / _cedited by J. C. R. Hunt, University College London and J. C. Vassilicos, University of Cambridge. |
| 264 | 1 |
_aCambridge, U.K. : _bCambridge University Press, _c[2000] |
|
| 264 | 4 | _cc2000 | |
| 300 |
_axiii, 306 pages : _billustrations (some color) ; _c24 cm |
||
| 336 |
_2rdacontent _atext _btxt |
||
| 337 |
_aunmediated _2rdamedia _bn |
||
| 338 |
_avolume _bnc _2rdacarrier |
||
| 504 | _aIncludes bibliographical references. | ||
| 650 | 7 |
_aTurbulence. _96102 _2BUEsh |
|
| 650 | 7 |
_aVortex-motion. _96103 _2BUEsh |
|
| 655 | _vReading book | ||
| 700 | 1 |
_aVassilicos, J. C., _96104 _eeditior. |
|
| 700 | 1 |
_aHunt, Julian C. R., _96105 _eeditior. |
|
| 856 | 4 | 2 |
_3Publisher description _uhttp://www.loc.gov/catdir/description/cam022/2001274645.html |
| 856 | 4 | 1 |
_3Table of contents _uhttp://www.loc.gov/catdir/toc/cam027/2001274645.html |
| 942 |
_2ddc _cBB |
||
| 999 |
_c11813 _d11813 |
||